|
|
|
|
| LEADER |
00000nam a22000005a 4500 |
| 001 |
vtls008960022 |
| 003 |
SK-MaSNL |
| 005 |
20260331205357.0 |
| 008 |
070329s2006 xo o g c 000 0dslo |
| 015 |
|
|
|a SNBE2008/01-00298
|
| 020 |
|
|
|a (brož.)
|
| 040 |
|
|
|a SNK
|b slo
|c SNK
|e AACR2
|
| 041 |
0 |
|
|a slo
|
| 043 |
|
|
|a e-pl---
|
| 044 |
|
|
|a xo
|c SK
|
| 072 |
|
7 |
|a 75
|x Maliarstvo
|2 konspekt
|
| 080 |
|
|
|a 75 .071.1
|2 2001
|
| 080 |
|
|
|a (438)
|2 2001
|
| 080 |
|
|
|a (083.824)
|2 2001
|
| 100 |
1 |
|
|a Wojtowicz, Piotr,
|d 1958-
|4 art
|9 351119
|
| 245 |
1 |
0 |
|a Piotr Wójtowicz. Maľba (Prevrátený človek, 1986-2006)
|b Východoslovenská galéria Košice 26.10-3.12.2006
|c [kurátor výstavy: Peter Markovič]
|
| 246 |
3 |
|
|a Maľba (z cyklu Prevrátený človek, 1986-2006)
|
| 250 |
|
|
|a [1. vyd.]
|
| 260 |
|
|
|a Košice
|b Východoslovenská galéria
|c 2006
|
| 300 |
|
|
|a 1 skladačka ([6] s.)
|b fotogr.
|c 30 cm
|
| 500 |
|
|
|a Názov z obalu
|
| 504 |
|
|
|a Biogr. údaje
|
| 600 |
1 |
7 |
|a Wojtowicz, Piotr,
|d 1958-
|2 SNKMA
|9 351119
|
| 650 |
0 |
7 |
|a maliarstvo
|2 SNKPH
|9 812
|
| 650 |
0 |
7 |
|a maliari
|2 SNKPH
|9 3150
|
| 650 |
0 |
7 |
|a výtvarné umenie
|2 SNKPH
|9 723
|
| 651 |
|
7 |
|a Poľsko
|2 SNKPH
|9 16755
|
| 655 |
|
7 |
|a katalógy výstav
|2 SNKPH
|9 70445
|
| 700 |
1 |
|
|a Markovič, Peter,
|d 1974-
|4 cur
|9 217075
|
| 710 |
2 |
|
|a Východoslovenská galéria (Košice, Slovensko)
|4 orm
|9 29814
|
| 958 |
|
|
|a PL
|
| 999 |
|
|
|c 596245
|d 598175
|
| 952 |
|
|
|a SNK
|b SNK
|y PREZ
|7 0
|p 17A0545868
|o snkOSB 14806
|i snk2007/8816
|8 0
|0 0
|1 0
|4 0
|d 2007-03-29
|l 0
|r 2026-02-23 15:39:20
|w 2026-02-23
|
| 952 |
|
|
|a SNK
|b SNK
|y PREZ
|7 0
|p 17A0545869
|o snkOSB 14806 D1
|i snk2007/8817
|8 0
|0 0
|1 0
|4 0
|d 2007-03-29
|l 0
|r 2026-02-23 15:39:20
|w 2026-02-23
|